00317nam a2200121Ia 4500008004100000041000800041082001500049100001900064245004500083260002700128300003100155365000900186240624s9999 xx 000 0 und d aeng a650.11 TAT aTATOR ROSEMARY aMORE TIME FOR YOU A POWERFUL SYSTEM TO O c2011aNew YorkbAMACOM axii, : 226 : p. : cm. ; 22 cb30